1745 1581 1180 1245 1163 1485 1214 1913 1743 1396 1985 1430 1158 1806 1033 1614 1247 1728 1000 1249 1317 1547 1143 1051 1010 1191 1096 1613 1625 1436 1384 1437 1245 1058 1137 1409 1042 1986 1417 1072 1483 1423 1886 1835 1455 1169 1321 1469 1771 1811 1836 1362 1177 1063 1383 1021 1399 1447 1481 1796 1553 1775 1571 1440 1772 1250 1471 1485 1959 1242 1684 1209 1708 1368 1938 1125 1128 1365 1143 1041 1055 1523 1904 1174 1556 1205 1680 1324 1070 1577 1855 1499 1602 1683 1668 1661 1016 1250 1191 BCNSPRNW ULIB Ver.6.0+V

เปลี่ยนเป็นภาษาไทย

Change to English
 แสดงรายละเอียดบรรณานุกรม
  กลับหน้าหลัก

Brief Record : Get Marc (ISO 2709) : E-mail record : QR code < ปิดหน้าต่าง
LEADER : 00000nam 2200000uu 4500
001    13399111871
003     ULIB
008    110711s2543||||th 000 0 tha d
020    9748211878
050  4 DS589.T6^bส769ธ 2543
245 00 ธนบุรี /^cบรรณาธิการ สุดารา สุจฉายา
250    พิมพ์ครั้งที่ 2
260    กรุงเทพฯ :^bสารคดี,^c2543
300    336 หน้า :^bภาพประกอบ ;^c21 ซม.
440  0 เพื่อความเข้าใจในแผ่นดิน
651  7 ธนบุรี^xภูมิประเทศและการท่องเที่ยว
651  7 ธนบุรี^xความเป็นอยู่และประเพณี
700 0  สุดารา สุจฉายา,^eบรรณาธิการ
945    ^p0^l0^i015892
995    ทศพร
999 ^a ใช้งานได้ทุกระบบ
รายการนี้ยังไม่มีแท็ก
คุณยังไม่ได้ล็อกอิน คุณสามารถมีกิจกรรมร่วมกับเว็บไซต์ได้ แต่ต้องล็อกอินก่อน ::
  ล็อกอิน

รายการสื่อสารสนเทศ

ลำดับที่ ประเภท เลขเรียก/บาร์โค้ด สถานที่ สถานะ
- ไม่พบข้อมูล -

BibComment


ยังไม่เคยถูกคอมเมนท์

คอมเมนท์ทรัพยากรรายการนี้
  คอมเมนท์: ธนบุรี บรรณาธิกา..


 Copyright 2026. Bcnsprnw @Library